| 000 | 00347nam a2200145Ia 4500 | ||
|---|---|---|---|
| 008 | 230917s9999||||xx |||||||||||||| ||und|| | ||
| 040 |
_e102423 _aMAIN |
||
| 041 | _aEnglish | ||
| 082 | _a005.82 S58P | ||
| 100 | _aSchneier, Bruce | ||
| 245 | 0 | _aPractical cryptography | |
| 260 |
_aNew Delhi _bDreamtech _c2003 |
||
| 300 | _a410 p. | ||
| 942 | _cBK | ||
| 999 |
_c122618 _d122618 |
||